[Event "GER-ch52 final email"]
[Site "GER email"]
[Date "2022.04.15"]
[Round "?"]
[White "Krauss, Heiko"]
[Black "Zielinski, Sergej"]
[Result "1/2-1/2"]
[WhiteElo "2419"]
[BlackElo "2365"]
[PlyCount "83"]
[EventDate "2022.??.??"]
[EventType "tourn (corr)"]
[EventRounds "14"]
[EventCountry "GER"]
[SourceTitle "Corr 2024"]
[Source "ChessBase"]
[SourceDate "2023.10.19"]
[SourceVersion "1"]
[SourceVersionDate "2023.10.19"]
[SourceQuality "1"]

1. Nf3 Nf6 2. c4 g6 3. d4 Bg7 4. Nc3 d5 5. Qb3 dxc4 6. Qxc4 0-0 7. e4 a6 8. Be2 b5 9. Qb3 c5 10. dxc5 Be6 11. Qc2 Nbd7 12. Be3 Rc8 13. Rd1 b4 14. Nd5 Bxd5 15. exd5 Nxc5 16. 0-0 Nce4 17. Qd3 Qd6 18. g3 Rfd8 19. Bf4 Qxd5 20. Qxa6 Qa8 21. Qxa8 Rxa8 22. Rxd8+ Rxd8 23. Rd1 Rxd1+ 24. Bxd1 Ng4 25. Bc2 Nexf2 26. Kg2 e5 27. Nxe5 Nxe5 28. Kxf2 Ng4+ 29. Ke2 Nxh2 30. a4 bxa3 31. bxa3 Bc3 32. a4 Ng4 33. Kd3 Be1 34. Kc4 f6 35. Kb5 Ne5 36. Bb3+ Kg7 37. Be3 h5 38. Be6 g5 39. a5 Bxa5 40. Kxa5 Ng6 41. Kb5 h4 42. gxh4 1/2-1/2

[Event "GER-ch49 final email"]
[Site "GER email"]
[Date "2019.02.19"]
[Round "?"]
[White "Boos, Markus"]
[Black "Krauss, Heiko"]
[Result "1/2-1/2"]
[WhiteElo "2419"]
[BlackElo "2396"]
[PlyCount "96"]
[EventDate "2019.??.??"]
[EventType "tourn (corr)"]
[EventRounds "14"]
[EventCountry "GER"]
[SourceTitle "Corr 2022"]
[Source "ChessBase"]
[SourceDate "2021.10.24"]
[SourceVersion "1"]
[SourceVersionDate "2021.10.24"]
[SourceQuality "1"]

1. d4 d5 2. c4 e6 3. Nf3 Nf6 4. g3 dxc4 5. Bg2 a6 6. 0-0 Nc6 7. e3 Bd7 8. Qe2 Bd6 9. Qxc4 0-0 10. Rd1 Qe7 11. Nc3 h6 12. a3 e5 13. b4 e4 14. Nd2 Be6 15. Qf1 Bf5 16. Bb2 Rfe8 17. Rac1 Rad8 18. b5 Nb8 19. Rc2 c6 20. bxc6 Nxc6 21. Nc4 b5 22. Nxd6 Rxd6 23. Nb1 Be6 24. Nd2 Bd5 25. Rdc1 Nd7 26. a4 Rb8 27. Bh3 Qe8 28. Bg4 Nf6 29. Be2 bxa4 30. Ba3 Nb4 31. Bxb4 Rxb4 32. Bxa6 Qe6 33. Be2 Rdb6 34. Ra1 Nh7 35. h4 g5 36. h5 Kg7 37. Rc5 Nf6 38. Kg2 Rb2 39. Qc1 R6b4 40. Ra3 Qb6 41. Qc3 Qe6 42. Qc1 Qf5 43. Rac3 g4 44. Ra5 Qxh5 45. Rc2 Rxc2 46. Qxc2 Bb3 47. Qc7 Nd5 48. Qc5 Nxe3+ 1/2-1/2

[Event "GER CM04-D email"]
[Site "GER email"]
[Date "2017.06.26"]
[Round "?"]
[White "Koch, Hans Georg"]
[Black "Krauss, Heiko"]
[Result "1/2-1/2"]
[WhiteElo "2328"]
[BlackElo "2328"]
[PlyCount "82"]
[EventDate "2017.??.??"]
[EventType "tourn (corr)"]
[EventRounds "10"]
[EventCountry "GER"]
[SourceTitle "Corr 2020"]
[Source "ChessBase"]
[SourceDate "2019.09.30"]
[SourceVersion "1"]
[SourceVersionDate "2019.09.30"]
[SourceQuality "1"]

1. e4 c5 2. Nf3 Nc6 3. Bb5 e6 4. 0-0 Nge7 5. Re1 a6 6. Bf1 d5 7. exd5 Nxd5 8. d4 Nf6 9. Be3 cxd4 10. Nxd4 Bd7 11. c4 Qc7 12. Nc3 Be7 13. g3 0-0 14. Nf3 Rfd8 15. Qb3 b5 16. cxb5 axb5 17. Bf4 Qa7 18. Nxb5 Qb7 19. Bd2 Qb6 20. Rec1 Ng4 21. Nbd4 Qa7 22. Be3 Nxe3 23. Nb5 Na5 24. Qxe3 Qxe3 25. fxe3 Bxb5 26. Bxb5 Rdb8 27. Nd4 Bf6 28. b4 Bxd4 29. exd4 Rxb5 30. bxa5 Rbxa5 31. a4 Kf8 32. Rc4 R8a7 33. Ra2 Ke7 34. Kf2 Kd6 35. Rb4 g5 36. Ke3 h5 37. Kd3 g4 38. Kc3 R7a6 39. Rc4 Rb6 40. Rf2 Ra7 41. Ra2 Ra5 1/2-1/2

[Event "GER CM04-D email"]
[Site "GER email"]
[Date "2017.06.26"]
[Round "?"]
[White "Krauss, Heiko"]
[Black "Muniz Pardino, Alberto"]
[Result "1/2-1/2"]
[WhiteElo "2328"]
[BlackElo "2336"]
[PlyCount "42"]
[EventDate "2017.??.??"]
[EventType "tourn (corr)"]
[EventRounds "10"]
[EventCountry "GER"]
[SourceTitle "Corr 2020"]
[Source "ChessBase"]
[SourceDate "2019.09.30"]
[SourceVersion "1"]
[SourceVersionDate "2019.09.30"]
[SourceQuality "1"]

1. e4 c5 2. Nc3 Nc6 3. Nf3 g6 4. Bb5 Bg7 5. 0-0 Nd4 6. Ba4 Qa5 7. Rb1 Nf6 8. e5 Ne4 9. Bb3 Nxb3 10. axb3 Nxc3 11. dxc3 Qb5 12. Re1 b6 13. Bf4 0-0 14. Qd2 Bb7 15. Rbd1 Rad8 16. h4 Bxf3 17. gxf3 Qc6 18. Qd5 Qxd5 19. Rxd5 f6 20. exf6 Bxf6 21. Bc7 Ra8 1/2-1/2

[Event "GER CM04-D email"]
[Site "GER email"]
[Date "2017.06.26"]
[Round "?"]
[White "Krauss, Heiko"]
[Black "Zielinski, Sergej"]
[Result "1-0"]
[WhiteElo "2328"]
[BlackElo "2327"]
[PlyCount "57"]
[EventDate "2017.??.??"]
[EventType "tourn (corr)"]
[EventRounds "10"]
[EventCountry "GER"]
[SourceTitle "Corr 2020"]
[Source "ChessBase"]
[SourceDate "2019.09.30"]
[SourceVersion "1"]
[SourceVersionDate "2019.09.30"]
[SourceQuality "1"]

1. e4 e5 2. Nf3 Nc6 3. Bb5 a6 4. Ba4 Nf6 5. 0-0 Be7 6. Re1 b5 7. Bb3 d6 8. c3 0-0 9. h3 Na5 10. Bc2 c5 11. d4 Qc7 12. d5 Nd7 13. b3 Nb6 14. Nbd2 c4 15. Nf1 Nb7 16. Be3 Bd7 17. Qe2 Nc5 18. Ng3 Rfc8 19. Nd2 g6 20. Rf1 Bf6 21. b4 Nca4 22. Bh6 a5 23. a3 Nb2 24. bxa5 N6a4 25. f4 Qxa5 26. Nh5 gxh5 27. fxe5 Bxe5 28. Qxh5 f6 29. Nf3 1-0